000 00709 a2200205 4500
999 _c8015
_d8015
010 _aENG-88307
020 _a0195692373
_c375.00
035 _aEN-71840
037 _bDBAD / PUB
082 1 4 _a305.42
245 1 _aCapabilities, freedom and equality:
_cedited by Bina Agarwal, Jane Humphries [and] Ingrid Robeyns
_bAmartya Sen's work from a gender perspective/
260 _aNew Delhi
_bOxford University Press
_c2007
270 _aYMCA Library Building, Jai Singh Road
_bNew Delhi
_e110 001
300 _axiii, 553p.
_c22cm ( pbk)
500 _aIncludes index
700 _aAgarwal, Bina
700 _aHumphries, Jane
700 _aRobeyns, Ingrid
942 _adpl
_cEN
_2ddc
_h305.42
_mCAP